000 00251nam a22001097a 4500
999 _c260620
_d260619
020 _a0439343933
100 _aBen M. Baglio
245 _aAnimal Ark: Cats at the Campground
260 _aNew York
_bScholastic
_c2001
300 _a132 pgs
942 _cBK